PEDIATRIC AND ADOLESCENT PSYCHOPHARMACOLOGY (Record no. 14531)

MARC details
000 -LEADER
fixed length control field 00313nam a22001337a 4500
003 - CONTROL NUMBER IDENTIFIER
control field SGT
082 ## - DEWEY DECIMAL CLASSIFICATION NUMBER
Classification number 616.89
Item number P08G
100 ## - MAIN ENTRY--PERSONAL NAME
Personal name GREYDANUS, DONALD E.
245 ## - TITLE STATEMENT
Title PEDIATRIC AND ADOLESCENT PSYCHOPHARMACOLOGY
260 ## - PUBLICATION, DISTRIBUTION, ETC. (IMPRINT)
Place of publication, distribution, etc UK
Name of publisher, distributor, etc CAMBRIDGE UNI
Year of Publication 2008
300 ## - PAGE DESCRIPTION
No. of Pages 301
650 ## - SUBJECT ADDED ENTRY--TOPICAL TERM
Topical term or geographic name as entry element PSYCHOLOGY
942 ## - ADDED ENTRY ELEMENTS (KOHA)
Source of classification or shelving scheme Dewey Decimal Classification
Koha item type Books
Holdings
Withdrawn status Lost status Source of classification or shelving scheme Damaged status Not for loan Collection code Home library Current library Shelving location Date acquired Vendor Name SGTU Bill Number Total Checkouts Full call number Accession No. (Barcode) Date last seen Bill Date Koha item type
    Dewey Decimal Classification     MEDICAL SGT Medical Library SGT Medical Library Reference Book 15/01/2018 ABC SGTU 8707   616.89 P08G FM9326 15/01/2018 08/07/2017 Books